000 00684nam a22002177a 4500
005 20170124110151.0
010 _aA-707202
020 _c00.00
_a8121603501
035 _aA-707202
037 _bCen Lib/Ret
040 _aDPL
_bEN
082 _a616.72
_bSPE
100 _aSpeight, Phyllis
_934099
245 _aOvercoming rheumatism and arthritis /
_cby Phyllis Speight
260 _aNew Delhi
_bLotus Books
_c1994
270 _a18-10, Dilshad Garden, G. T. Road
_bNew Delhi
_e110095
300 _a88p.
_c20cm(Hb)
650 _aRheumatism -- Homeopathic treatment
_934100
650 _aArthritis -- Homeopathic treatment
_934101
942 _2ddc
_cEN
_h616.72
_mSPE
999 _c132235
_d132235